00380nam a22001577a 4500003000400000008004100004020001800045082001400063100002600077245003800103250000800141260002600149300000700175650002000182700002000202OSt260122b |||||||| |||| 00| 0 eng d a9789389108527 a615.1 MUP aMudagal, Manjunatha.P aPractical book of pharmacology-II a3rd aN.DelhibNiralic2022 a65 aPharmacology-II aPriyanka, Pamba